[Event "GER-ch Net blitz qual3"]
[Site "Playchess.com INT"]
[Date "2021.05.07"]
[Round "3"]
[White "Fleischmann, Theo"]
[Black "Kuehn, Viktoria"]
[Result "1-0"]
[WhiteElo "1537"]
[BlackElo "1822"]
[PlyCount "87"]
[EventDate "2021.05.07"]
[EventType "swiss (blitz)"]
[EventRounds "11"]
[EventCountry "GER"]
[SourceTitle "CBM 202 Extra"]
[Source "ChessBase"]
[SourceDate "2021.07.31"]
[SourceVersion "1"]
[SourceVersionDate "2021.07.31"]
[SourceQuality "1"]

1. d4 Nf6 2. c4 g6 3. Nc3 d5 4. Nf3 Bg7 5. Bg5 Ne4 6. Bf4 c6 7. e3 0-0 8. Bd3 Nxc3 9. bxc3 Nd7 10. 0-0 Nf6 11. h3 Be6 12. Qb3 Qb6 13. c5 Qxb3 14. axb3 b6 15. b4 Ne4 16. Bxe4 dxe4 17. Ne5 Bxe5 18. Bxe5 f6 19. Bg3 Bc4 20. Rfc1 h5 21. Ra3 g5 22. Rca1 bxc5 23. Rxa7 Rxa7 24. Rxa7 cxb4 25. cxb4 e6 26. Rc7 Bd5 27. Bd6 Rd8 28. Bc5 Rb8 29. Be7 f5 30. Bxg5 Rxb4 31. Rc8+ Kf7 32. Rh8 Kg6 33. h4 Rb1+ 34. Kh2 Rb2 35. Rh6+ Kg7 36. Kg3 Rc2 37. Rxh5 c5 38. dxc5 Rxc5 39. Bf4 Rc2 40. Be5+ Kf8 41. Rg5 Bc4 42. h5 Bb5 43. h6 Rc7 44. Bxc7 1-0

[Event "GER-ch Net blitz qual3"]
[Site "Playchess.com INT"]
[Date "2021.05.07"]
[Round "11"]
[White "Kuehn, Viktoria"]
[Black "Beesk, Kevin"]
[Result "0-1"]
[WhiteElo "1822"]
[BlackElo "2000"]
[PlyCount "124"]
[EventDate "2021.05.07"]
[EventType "swiss (blitz)"]
[EventRounds "11"]
[EventCountry "GER"]
[SourceTitle "CBM 202 Extra"]
[Source "ChessBase"]
[SourceDate "2021.07.31"]
[SourceVersion "1"]
[SourceVersionDate "2021.07.31"]
[SourceQuality "1"]

1. e4 c5 2. b3 b6 3. Bb2 Bb7 4. d3 e6 5. g3 Nc6 6. Bg2 d6 7. f4 Nf6 8. Nf3 Be7 9. 0-0 Qc7 10. Nbd2 0-0 11. h3 Rad8 12. g4 d5 13. g5 Nh5 14. Ne5 g6 15. exd5 exd5 16. Ng4 d4 17. Ne4 f5 18. gxf6 Nxf6 19. Ngxf6+ Bxf6 20. Qg4 Bg7 21. Ng5 Bc8 22. Qf3 Ne7 23. Rae1 Nf5 24. Bc1 h6 25. Ne6 Bxe6 26. Rxe6 Kh7 27. Qg4 Rf6 28. Rfe1 Rdf8 29. Rxf6 Rxf6 30. Be4 Qd7 31. h4 h5 32. Qg5 Rf7 33. Bxf5 Rxf5 34. Qg3 Bf6 35. Bd2 Qd8 36. Re4 Bxh4 37. Qh3 Bf6 38. Qf3 Qd7 39. Qe2 Bg7 40. Re7 Qd5 41. Re4 Qf7 42. Qg2 Qf6 43. Qh3 Rd5 44. Re6 Qf5 45. Qxf5 Rxf5 46. Re7 Kh6 47. Rxa7 Bf6 48. Rb7 Bd8 49. Rd7 Rf8 50. f5+ g5 51. Rd6+ Kg7 52. Rd7+ Kf6 53. Rd5 Bc7 54. Rd7 Bd8 55. Rh7 Kxf5 56. Rxh5 Kg4 57. Rh3 Kxh3 58. Be1 g4 59. Bd2 g3 60. Be1 g2 61. Bf2 Bh4 62. Bxh4 Rf1# 0-1

[Event "GER-ch Net blitz qual3"]
[Site "Playchess.com INT"]
[Date "2021.05.07"]
[Round "6"]
[White "Kuehn, Viktoria"]
[Black "Volkmer, Andreas"]
[Result "0-1"]
[WhiteElo "1822"]
[BlackElo "2044"]
[PlyCount "62"]
[EventDate "2021.05.07"]
[EventType "swiss (blitz)"]
[EventRounds "11"]
[EventCountry "GER"]
[SourceTitle "CBM 202 Extra"]
[Source "ChessBase"]
[SourceDate "2021.07.31"]
[SourceVersion "1"]
[SourceVersionDate "2021.07.31"]
[SourceQuality "1"]

1. e4 g6 2. b3 Bg7 3. Nc3 c6 4. Bb2 d5 5. d4 dxe4 6. Nxe4 Nf6 7. Bd3 Nbd7 8. Nf3 Nxe4 9. Bxe4 Nf6 10. Bd3 Qa5+ 11. Nd2 Bg4 12. f3 Be6 13. 0-0 0-0 14. Nc4 Qc7 15. Ne5 Rad8 16. Rc1 Nd7 17. Re1 c5 18. c3 Nxe5 19. dxe5 Bf5 20. Re3 Bh6 21. Qe2 Bxe3+ 22. Qxe3 Rxd3 23. Qh6 c4 24. Ba3 Qxe5 25. Qg5 Qe3+ 26. Qxe3 Rxe3 27. bxc4 Re2 28. Kf1 Rxa2 29. Bxe7 Re8 30. Bf6 Bd3+ 31. Kg1 Ree2 0-1

[Event "GER-ch Net blitz qual2"]
[Site "Playchess.com INT"]
[Date "2021.05.04"]
[Round "8"]
[White "Plaettner, Stefan"]
[Black "Kuehn, Viktoria"]
[Result "1/2-1/2"]
[WhiteElo "1646"]
[BlackElo "1736"]
[PlyCount "149"]
[EventDate "2021.05.04"]
[EventType "swiss (blitz)"]
[EventRounds "11"]
[EventCountry "GER"]
[SourceTitle "CBM 202 Extra"]
[Source "ChessBase"]
[SourceDate "2021.07.31"]
[SourceVersion "1"]
[SourceVersionDate "2021.07.31"]
[SourceQuality "1"]

1. e4 c6 2. d4 d5 3. Nc3 h6 4. Nf3 Bg4 5. h3 Bh5 6. Be3 e6 7. e5 Nd7 8. Bd3 Ne7 9. Ne2 Bg6 10. 0-0 Nf5 11. Bc1 c5 12. c3 cxd4 13. cxd4 Qb6 14. Bb1 Rc8 15. Nf4 Bh7 16. g4 Ne7 17. Bxh7 Rxh7 18. Kg2 Nc6 19. a3 a5 20. Qd3 Rh8 21. b3 Be7 22. Be3 g5 23. Nh5 Rg8 24. Rfc1 Qa6 25. Qh7 Rf8 26. Qxh6 Qd3 27. Rd1 Qxb3 28. Bxg5 Rg8 29. Nf6+ Nxf6 30. Bxf6 Rg6 31. Qf4 Kd7 32. Rab1 Qxa3 33. Rxb7+ Rc7 34. Rxc7+ Kxc7 35. Bxe7 Qxe7 36. Rc1 Kd7 37. Qd2 Rg8 38. Qc2 Rc8 39. Qa4 Qb4 40. Qc2 Qb7 41. Rb1 Nb4 42. Qh7 Rf8 43. Ng5 Ke7 44. Qg7 Qb6 45. Qf6+ Ke8 46. Nh7 Qxd4 47. Nxf8 Qe4+ 48. Kg3 Qxb1 49. Nh7 Qxh7 50. Qf4 Nc6 51. Qa4 Kd7 52. Qa3 Qe4 53. Qd6+ Kc8 54. Qxc6+ Kd8 55. Qd6+ Ke8 56. Qb8+ Ke7 57. Qc7+ Kf8 58. Qd6+ Kg7 59. Qc7 a4 60. Qa5 Qxe5+ 61. Kg2 Qe4+ 62. Kg1 Qc4 63. Qd2 Qe4 64. Qg5+ Kf8 65. Qd8+ Kg7 66. Qg5+ Qg6 67. Qe5+ Qf6 68. Qd6 Qa1+ 69. Kg2 a3 70. Qd8 a2 71. Qg5+ Kf8 72. Qd8+ Kg7 73. Qg5+ Kh7 74. Qh4+ Kg7 75. Qg5+ 1/2-1/2

[Event "GER-ch Net blitz qual1"]
[Site "Playchess.com INT"]
[Date "2021.04.24"]
[Round "4"]
[White "Kuehn, Viktoria"]
[Black "Di Capua, Francesco Stefano"]
[Result "0-1"]
[WhiteElo "1763"]
[BlackElo "2021"]
[PlyCount "54"]
[EventDate "2021.04.24"]
[EventType "swiss (blitz)"]
[EventRounds "11"]
[EventCountry "GER"]
[SourceTitle "CBM 202 Extra"]
[Source "ChessBase"]
[SourceDate "2021.07.31"]
[SourceVersion "1"]
[SourceVersionDate "2021.07.31"]
[SourceQuality "1"]

1. e4 e5 2. Nf3 Nc6 3. Bc4 Nf6 4. d3 Bc5 5. 0-0 0-0 6. c3 d5 7. exd5 Nxd5 8. h3 Be6 9. Re1 a6 10. Nxe5 Nxe5 11. Rxe5 Bxf2+ 12. Kh1 Bc5 13. Qf3 c6 14. Nd2 Bd6 15. Re1 Bb8 16. Ne4 Qc7 17. g3 Bxh3 18. Ng5 Bd7 19. Bxd5 cxd5 20. Bf4 Qb6 21. Re2 h6 22. Rh2 Bxf4 23. gxf4 d4 24. Ne4 f5 25. Qh3 dxc3 26. Nxc3 Bc6+ 27. Rg2 Qxb2 0-1

[Event "GER-ch Net blitz qual1"]
[Site "Playchess.com INT"]
[Date "2021.04.24"]
[Round "8"]
[White "Kuehn, Viktoria"]
[Black "Schulz, Gerhard1111"]
[Result "1-0"]
[WhiteElo "1763"]
[BlackElo "1558"]
[PlyCount "231"]
[EventDate "2021.04.24"]
[EventType "swiss (blitz)"]
[EventRounds "11"]
[EventCountry "GER"]
[SourceTitle "CBM 202 Extra"]
[Source "ChessBase"]
[SourceDate "2021.07.31"]
[SourceVersion "1"]
[SourceVersionDate "2021.07.31"]
[SourceQuality "1"]

1. e4 e6 2. d4 d5 3. Nd2 dxe4 4. Nxe4 Bd7 5. Nf3 Bc6 6. Bd3 Nd7 7. 0-0 Ngf6 8. Re1 Nxe4 9. Bxe4 Bxe4 10. Rxe4 Nf6 11. Re1 c5 12. c3 Be7 13. Ne5 cxd4 14. Qa4+ Nd7 15. cxd4 Bf6 16. Bf4 a6 17. Rad1 b5 18. Qb3 0-0 19. Ng4 Bg5 20. Bd6 Be7 21. Bg3 Bh4 22. Rc1 Bxg3 23. Qxg3 Rc8 24. Red1 Rxc1 25. Rxc1 Qb8 26. Qc7 Qxc7 27. Rxc7 Rd8 28. g3 Nb6 29. Rb7 Nd5 30. Ra7 Nb4 31. a3 Nc6 32. Rxa6 Nxd4 33. Ne5 f6 34. Nc6 Nxc6 35. Rxc6 Kf7 36. Rc7+ Kg6 37. Kg2 Kf5 38. Rc5+ Rd5 39. Rc7 Kg6 40. h4 Rd2 41. b4 Rd3 42. Ra7 Rd5 43. Rb7 e5 44. h5+ Kh6 45. g4 e4 46. Re7 Rd4 47. Rb7 g6 48. hxg6 hxg6 49. Rxb5 Rd3 50. Ra5 Rb3 51. b5 f5 52. gxf5 gxf5 53. a4 f4 54. Ra8 Rb2 55. Re8 Rb4 56. a5 Rxb5 57. Rxe4 Rxa5 58. Rxf4 Rg5+ 59. Kf3 Kg6 60. Rf8 Kg7 61. Ra8 Rb5 62. Ra7+ Kf6 63. Ra6+ Kf5 64. Ra8 Rb3+ 65. Kg2 Kf4 66. Ra4+ Kf5 67. f3 Rb2+ 68. Kg3 Rb1 69. Ra5+ Kg6 70. Ra4 Rg1+ 71. Kf4 Rh1 72. Ra6+ Kf7 73. Kf5 Rh5+ 74. Kg4 Rh1 75. f4 Rg1+ 76. Kf5 Rh1 77. Ra7+ Kf8 78. Kf6 Rh6+ 79. Kg5 Rc6 80. f5 Rd6 81. Rb7 Ke8 82. Rb8+ Kf7 83. Rb7+ Ke8 84. f6 Rd5+ 85. Kg6 Rd1 86. Rb8+ Kd7 87. f7 Rg1+ 88. Kh7 Rh1+ 89. Kg6 Rg1+ 90. Kh5 Rh1+ 91. Kg4 Rg1+ 92. Kh3 Rf1 93. f8Q Rxf8 94. Rxf8 Kd6 95. Rf5 Ke6 96. Ra5 Kd6 97. Kg4 Ke6 98. Kf4 Kd6 99. Ke4 Ke6 100. Ra6+ Kd7 101. Ke5 Kc7 102. Kd5 Kb7 103. Rh6 Kc7 104. Rg6 Kb7 105. Kc5 Ka7 106. Kb5 Kb7 107. Rg7+ Kc8 108. Kb6 Kd8 109. Kc6 Ke8 110. Kd6 Kf8 111. Ra7 Kg8 112. Ke6 Kh8 113. Kf6 Kg8 114. Rb7 Kh8 115. Kg6 Kg8 116. Rb8# 1-0

[Event "GER Cup Net V1 U2000"]
[Site "Playchess.com INT"]
[Date "2020.05.19"]
[Round "1"]
[White "Kuehn, Viktoria"]
[Black "Blome, Johannes"]
[Result "0-1"]
[WhiteElo "1653"]
[BlackElo "1879"]
[PlyCount "90"]
[EventDate "2020.05.19"]
[EventType "swiss (blitz)"]
[EventRounds "9"]
[EventCountry "GER"]
[SourceTitle "EXT 2021"]
[Source "ChessBase"]
[SourceDate "2020.10.23"]
[SourceVersion "1"]
[SourceVersionDate "2020.10.23"]
[SourceQuality "1"]

1. e4 c5 2. b3 Nc6 3. Bb2 e5 4. f4 exf4 5. Nf3 Nf6 6. Nc3 Be7 7. Bc4 0-0 8. 0-0 Nd4 9. h3 a6 10. a4 d6 11. Ne2 Nxe4 12. Nfxd4 cxd4 13. Bxd4 d5 14. Bd3 Bc5 15. Bxc5 Nxc5 16. Nxf4 Qd6 17. Qf3 d4 18. Rae1 Bd7 19. Qh5 Nxd3 20. Nxd3 Bc6 21. Qe5 Qg6 22. Rf2 Rae8 23. Qxd4 Rxe1+ 24. Nxe1 Re8 25. Nd3 b5 26. Ne5 Qe4 27. Qxe4 Bxe4 28. Nxf7 Bxc2 29. Nd6 Re1+ 30. Kh2 bxa4 31. bxa4 Bxa4 32. d4 Rd1 33. Rb2 h6 34. Rb8+ Kh7 35. Rb4 Bc6 36. Nf5 Rd2 37. Ne3 Rd3 38. Ng4 h5 39. Ne5 Rc3 40. Nxc6 Rxc6 41. d5 Rd6 42. Rd4 Kg6 43. Kg3 Kf5 44. Kh4 g6 45. g4+ Ke5 0-1

[Event "GER-ch Net Amateur Gr-B Vor3"]
[Site "Playchess.com INT"]
[Date "2020.04.16"]
[Round "3"]
[White "Kuehn, Viktoria"]
[Black "Banzhaf, Steffen"]
[Result "1-0"]
[WhiteElo "1620"]
[BlackElo "1470"]
[PlyCount "59"]
[EventDate "2020.04.16"]
[EventType "swiss (blitz)"]
[EventRounds "9"]
[EventCountry "GER"]
[SourceTitle "CBM 195 Extra"]
[Source "ChessBase"]
[SourceDate "2020.05.31"]
[SourceVersion "1"]
[SourceVersionDate "2020.05.31"]
[SourceQuality "1"]

1. e4 c6 2. d4 d5 3. exd5 cxd5 4. Bd3 Nf6 5. h3 g6 6. Nf3 Bg7 7. c3 Nc6 8. Bf4 0-0 9. 0-0 Bf5 10. Bxf5 gxf5 11. Nbd2 e6 12. Ne5 Nxe5 13. Bxe5 Ne4 14. Nxe4 fxe4 15. Qg4 f6 16. Bf4 Qe7 17. f3 f5 18. Qg3 Kh8 19. Bd6 Qf6 20. Bxf8 Rxf8 21. fxe4 dxe4 22. Rae1 Bh6 23. Rxe4 Rg8 24. Qe5 Qxe5 25. Rxe5 Rg6 26. Rfe1 Bf4 27. Rxe6 Rg3 28. Re7 Rd3 29. Rxb7 Bg3 30. Re8# 1-0

[Event "GER-ch Net Amateur Gr-B Vor3"]
[Site "Playchess.com INT"]
[Date "2020.04.16"]
[Round "6"]
[White "Kuehn, Viktoria"]
[Black "Lange, Lars"]
[Result "0-1"]
[WhiteElo "1620"]
[BlackElo "1705"]
[PlyCount "104"]
[EventDate "2020.04.16"]
[EventType "swiss (blitz)"]
[EventRounds "9"]
[EventCountry "GER"]
[SourceTitle "CBM 195 Extra"]
[Source "ChessBase"]
[SourceDate "2020.05.31"]
[SourceVersion "1"]
[SourceVersionDate "2020.05.31"]
[SourceQuality "1"]

1. e4 c5 2. b3 d5 3. exd5 Nf6 4. Bb2 Nxd5 5. Nc3 Nc6 6. Bb5 e6 7. Nf3 Qc7 8. 0-0 a6 9. Bc4 Nxc3 10. Bxc3 b5 11. Bd3 Bb7 12. Re1 Rd8 13. Qe2 Nd4 14. Bxd4 cxd4 15. Ne5 Bd6 16. Qh5 g6 17. Qg5 0-0 18. Ng4 Be7 19. Qh6 Qc5 20. Ne5 Bf6 21. Ng4 Bg7 22. Qf4 Qe7 23. f3 Rfe8 24. Nf2 e5 25. Qg4 f5 26. Qg3 Qf6 27. Nh3 e4 28. fxe4 fxe4 29. Rf1 Qe6 30. Be2 Rf8 31. Bg4 Qe7 32. Nf4 d3 33. c3 b4 34. Ne6 Rxf1+ 35. Rxf1 Rd6 36. Nxg7 Kxg7 37. Qe3 bxc3 38. dxc3 Kg8 39. Qc5 e3 40. Qc4+ Kg7 41. Re1 d2 42. Rd1 Qe4 43. Qc7+ Qe7 44. Qc4 Bd5 45. Qd4+ Kg8 46. Be2 Bxg2 47. Qc4+ Bd5 48. Qc8+ Kg7 49. Rf1 Qg5+ 50. Bg4 Rf6 51. Qd7+ Bf7 52. Rd1 h5 0-1

[Event "GER-ch Net Amateur Gr-B Vor3"]
[Site "Playchess.com INT"]
[Date "2020.04.16"]
[Round "7"]
[White "Kuehn, Viktoria"]
[Black "Neuhoff, Laertes"]
[Result "1-0"]
[WhiteElo "1620"]
[BlackElo "1474"]
[PlyCount "155"]
[EventDate "2020.04.16"]
[EventType "swiss (blitz)"]
[EventRounds "9"]
[EventCountry "GER"]
[SourceTitle "CBM 195 Extra"]
[Source "ChessBase"]
[SourceDate "2020.05.31"]
[SourceVersion "1"]
[SourceVersionDate "2020.05.31"]
[SourceQuality "1"]

1. e4 c5 2. b3 Nc6 3. Bb2 d6 4. Bb5 e5 5. f4 f6 6. Nf3 Nge7 7. fxe5 dxe5 8. 0-0 a6 9. Be2 Ng6 10. d3 Be6 11. Nc3 Be7 12. Qe1 0-0 13. h4 Nf4 14. Bd1 Nd4 15. Nxd4 cxd4 16. Ne2 Nxe2+ 17. Bxe2 Qb6 18. Qg3 Rf7 19. Bh5 g6 20. Bf3 Rg7 21. Bc1 Rc8 22. Rf2 Bf8 23. Bh6 Rf7 24. Bxf8 Rcxf8 25. h5 g5 26. Bg4 Bxg4 27. Qxg4 h6 28. Qf5 Rg7 29. Raf1 Qc6 30. Qg4 b5 31. Qe2 b4 32. Rf5 a5 33. Qf2 Rgf7 34. Qe2 Kg7 35. R5f2 Kg8 36. Qg4 Rg7 37. Qf3 Kh8 38. Qg3 Kg8 39. Qf3 Kh7 40. Qe2 Kg8 41. Rf5 Kh7 42. Rxe5 fxe5 43. Rxf8 Rc7 44. Qf2 Kg7 45. Qf5 Qd7 46. Qxd7+ Rxd7 47. Rf5 Re7 48. Kf1 Re6 49. Ke2 Rf6 50. Kf3 Rxf5+ 51. exf5 Kf6 52. g4 Kf7 53. Ke4 Kf6 54. Kd5 Ke7 55. Kxe5 a4 56. bxa4 b3 57. axb3 Kd7 58. Kxd4 Kc6 59. Ke5 Kc5 60. f6 Kb4 61. f7 Kc3 62. f8Q Kxc2 63. Qc5+ Kxd3 64. Qd4+ Kc2 65. Qc4+ Kb2 66. Kf6 Ka3 67. Kg6 Kb2 68. Kxh6 Ka3 69. Kxg5 Kb2 70. b4 Ka3 71. b5 Kb2 72. Kf4 Ka3 73. Qc3+ Ka2 74. Qb4 Ka1 75. Ke3 Ka2 76. Kd2 Ka1 77. Kc2 Ka2 78. Qb2# 1-0